000 00720cam a2200205 i 4500
005 20251222104341.0
008 250721s2012 jo gr 000 0 ara d
020 _a9789957528744
082 1 4 _a218.51
_bم ف ت
100 1 _aالمفتي، محمد مختار
_eمؤلف.
245 1 0 _aخطب الجمعة المعاصرة /
_cالدكتور محمد مختار المفتي.
250 _aالطبعة الأولى.
264 3 1 _aعمان :
_bامواج للطباعة والنشر والتوزيع،
_c2012.
300 _a334 صفحة.
650 1 7 _aالاسلام.
650 1 7 _aالوعظ والارشاد.
650 1 7 _aالخطب الدينية.
942 _2ddc
_cBK
999 _c126231
_d126231